000
00298nam a22001337a 4500
008
170225b xxu||||| |||| 00| 0 eng d
020
_a
9780323001342
041
_a
eng
080
_a
617
100
_a
5
101
_a
SHK
245
_a
CARE OF THE PATIENT IN SURGERY
_c
MEEKER, M.H
942
_2
udc
_c
BK
999
_c
6253
_d
6253